Introduction to complex variables and applications

Salvato in:
Dettagli Bibliografici
Autore principale: Churchill, Ruel V. , 1899-1987
Natura: Libro
Lingua:English
Pubblicazione: New York, McGraw-Hill, 1960.
Edizione:2
Soggetti:
Tags: Aggiungi Tag
Nessun Tag, puoi essere il primo ad aggiungerne!!

MARC

LEADER 00000nam a2200000Ia 4500
003 L000632
005 20221231143936.0
008 140114s1960 nyua 000 ||eng d
040 |c cru CEDI 
082 |a 517.8 Ch563c 
100 |a Churchill, Ruel V. , 1899-1987.  |9 19893 
245 |a Introduction to complex variables and applications 
250 |a 2 
260 |a New York, McGraw-Hill,   |c 1960. 
300 |a 297 páginas . ilustraciones. 24 cm. 
650 |x FUNCIONES DE VARIABLE COMPLEJA  |9 19894 
942 |2 ddc  |c BK 
999 |c 14560  |d 14560